000 01318nam a22003617a 4500
001 000064528
003 CHAP
005 20220329141134.0
008 971010s1980 es r 00010 spa d
010 _a63215
011 _a64187
035 _a69437
040 _cCHAP
082 0 4 _a546
_bC6
100 0 0 _aContreras Cicero, Ernesto.
_927473
245 1 0 _aQuímica inorgánica /por UACH. Departamento de Preparatoria Agrícola.
260 _aChapingo, Méx. :
_bUACH. Departamento de Preparatoria Agrícola,
_c1980.
300 _a127 p. :
_b: ils.
590 _aBATCH-UPD
_b10
_c20130110
_lUCH01
_h0511
590 _aBATCH-UPD
_b10
_c20130410
_lUCH01
_h0149
590 _aBATCH-UPD
_b10
_c20130914
_lUCH01
_h1038
590 _aCONVERSION
_b10
_c20130109
_lUCH01
_h1334
590 _aE5995AHE
_b05
_c20150223
_lUCH01
_h1103
650 1 4 _aQuímica inorgánica.
_993593
901 _aBK
942 _cLIBRO
942 _n0
949 _a546 C6
_bBC
_cLIBRO
_d33724002038173
_eLIBRO
_fc.4
_h110855
_i69437
_si
949 _a546 C6
_bBC
_cLIBRO
_d33724002038215
_eLIBRO
_fc.3
_h110854
_i69437
_si
949 _a546 C6
_bBC
_cLIBRO
_d33724002038256
_eLIBRO
_fc.2
_h110853
_i69437
_si
949 _a546 C6
_bBC
_cLIBRO
_d33724002038298
_eLIBRO
_h110852
_i69437
_si
949 _a546 C6
_bBC
_cUACH
_d33724002036926
_eUACH
_fc.5
_h48585
_i69437
_mfotocopia
_sb
999 _c63215
_d63215